Hitler Youth : (Record no. 362510)
[ view plain ]
| 000 -LEADER | |
|---|---|
| fixed length control field | 00585nam a2200145Ia 4500 |
| 008 - FIXED-LENGTH DATA ELEMENTS--GENERAL INFORMATION | |
| fixed length control field | 191108s9999 xx 000 0 und d |
| 020 ## - INTERNATIONAL STANDARD BOOK NUMBER | |
| International Standard Book Number | 9.7804398627e+012 |
| 100 ## - MAIN ENTRY--PERSONAL NAME | |
| Personal name | Bartoletti, Susan C. |
| 245 ## - TITLE STATEMENT | |
| Statement of responsibility, etc | Susan Campbell Bartoletti.-- |
| Title | Hitler Youth : |
| Remainder of title | growing up in Hitler's shadow / |
| 260 ## - PUBLICATION, DISTRIBUTION, ETC. (IMPRINT) | |
| Place of publication, distribution, etc | New York : |
| Name of publisher, distributor, etc | Scholastic Nonfiction |
| Date of publication, distribution, etc | 2005 |
| 300 ## - PHYSICAL DESCRIPTION | |
| Extent | 176 pages : |
| Other physical details | black & white illustrations |
| 500 ## - GENERAL NOTE | |
| General note | Includes bibliography, acknowledgements and index. |
| 650 ## - SUBJECT ADDED ENTRY--TOPICAL TERM | |
| Topical term or geographic name as entry element | Hitler-Jugend -- Juvenile literature. |
| 650 ## - SUBJECT ADDED ENTRY--TOPICAL TERM | |
| Topical term or geographic name as entry element | National socialism and youth -- Juvenile literature. |
| Withdrawn status | Lost status | Source of classification or shelving scheme | Damaged status | Home library | Current library | Shelving location | Date acquired | Source of acquisition | Total Checkouts | Full call number | Barcode | Date last seen | Price effective from | Koha item type |
|---|---|---|---|---|---|---|---|---|---|---|---|---|---|---|
| Library of Congress Classification | Southville International School Affiliated with Foreign Universities Library | Southville International School Affiliated with Foreign Universities Library | Southville Foreign University Section | 11/08/2019 | Donation | DD 253.5 .B292 2006 | SFU0121 | 11/08/2019 | 11/08/2019 | Books |